Minecraft Loot: Plains Village - Statistics

General Stats
  • This quiz has been taken 20 times
  • The average score is 6 of 11
Answer Stats
Pool Item Stack Size Weight % Correct
1(3-8) Bread 1-4 23%
94%
1(3-8) Apple 1-5 23%
81%
1(3-8) Potato 1-7 23%
75%
1(3-8) Oak Sapling 1-2 12%
69%
1(3-8) Emerald 1-4 4.7%
63%
2(1) Bundle 1 33%
50%
1(3-8) Dandelion 1 4.7%
44%
1(3-8) Poppy 1 2.3%
44%
1(3-8) Book 1 2.3%
38%
1(3-8) Feather 1 2.3%
25%
1(3-8) Gold Nugget 1-3 2.3%
25%
No matching quizzes found
Score Distribution
Percent of People with Each Score
Percentile by Number Answered
Your Score History
You have not taken this quiz